[Event "Qatar Masters Open 2023"]
[Site "Doha QAT"]
[Date "2023.10.18"]
[Round "7.3"]
[White "Nodirbek Yakubboev"]
[Black "Arjun Erigaisi"]
[Result "1/2-1/2"]
[EventDate "2022.10.11"]
[WhiteElo "2616"]
[BlackElo "2712"]
[PlyCount "72"]

1. d4 Nf6 2. c4 e6 3. Nf3 d5 4. Nc3 c6 5. e3 Nbd7 6. Qc2 Bd6 7. Be2 O-O 8. O-O dxc4 9. a4 a6 10. Rd1 Qc7 11. Bxc4 c5 12. dxc5 Bxc5 13. Ne4 Nxe4 14. Qxe4 b6 15. Qxa8 Bb7 16. Qa7 Ra8 17. Qxa8+ Bxa8 18. Bxa6 Bd6 19. Bd2 Nc5 20. Rac1 Qb8 21. Bb4 Bxf3 22. gxf3 Bxh2+ 23. Kg2 Nxa6 24. Be7 Bc7 25. Rxc7 Nxc7 26. Rd8+ Qxd8 27. Bxd8 Na8 28. Be7 f6 29. Bd6 Kf7 30. f4 Ke8 31. b4 Kd7 32. Bb8 Kc8 33. Bd6 Kd7 34. Bb8 Kc8 35. Bd6 Kd7 36. Bb8 1/2-1/2

[Event "Qatar Masters Open 2023"]
[Site "Doha QAT"]
[Date "2023.10.17"]
[Round "6.4"]
[White "Arjun Erigaisi"]
[Black "Rudik Makarian"]
[Result "1-0"]
[EventDate "2022.10.11"]
[WhiteElo "2712"]
[BlackElo "2548"]
[PlyCount "84"]

1. c4 c6 2. Nf3 d5 3. e3 Nf6 4. Nc3 a6 5. d4 Bf5 6. Qb3 b5 7. c5 a5 8. Nh4 Bc8 9. f4 Ng8 10. Nf3 a4 11. Qc2 g6 12. Ne5 Bg7 13. Bd2 Nh6 14. Be2 O-O 15. O-O Bf5 16. Qd1 f6 17. Nxc6 Nxc6 18. Bxb5 Bg4 19. Qc1 Na7 20. Bxa4 Kh8 21. Bb3 e6 22. Na4 Nc8 23. Bd1 Bxd1 24. Qxd1 Qd7 25. b3 Qc6 26. Bc3 Ra7 27. Qd2 Raf7 28. Nb2 e5 29. b4 exf4 30. exf4 Re7 31. a4 Re4 32. b5 Qe6 33. Rfe1 Qf5 34. Rxe4 dxe4 35. Nc4 Ne7 36. a5 Nd5 37. a6 Ng4 38. h3 e3 39. hxg4 exd2 40. gxf5 Nxc3 41. b6 d1=N 42. Rxd1 1-0

[Event "Qatar Masters Open 2023"]
[Site "Doha QAT"]
[Date "2023.10.15"]
[Round "5.4"]
[White "Rinat Jumabayev"]
[Black "Arjun Erigaisi"]
[Result "1/2-1/2"]
[EventDate "2022.10.11"]
[WhiteElo "2585"]
[BlackElo "2712"]
[PlyCount "60"]

1. d4 Nf6 2. c4 e6 3. Nf3 d5 4. g3 Be7 5. Bg2 O-O 6. O-O dxc4 7. Qc2 b5 8. a4 b4 9. Nbd2 b3 10. Qxc4 Ba6 11. Qxb3 Nc6 12. Qd1 Rb8 13. Nb1 Rb4 14. Nc3 Nxd4 15. Nxd4 Rxd4 16. Qc2 Qb8 17. Nb5 Bxb5 18. axb5 Qxb5 19. Rxa7 Bd6 20. Rb7 Qc4 21. Qxc4 Rxc4 22. Rd1 Bc5 23. Rb3 Ne4 24. Bxe4 Rxe4 25. Rc3 Bd6 26. Be3 Rb8 27. Ba7 Ra8 28. Rc2 Ra4 29. Bc5 Ra1 30. Rxa1 Rxa1+ 1/2-1/2

[Event "Qatar Masters Open 2023"]
[Site "Doha QAT"]
[Date "2023.10.14"]
[Round "4.3"]
[White "Arjun Erigaisi"]
[Black "SL Narayanan"]
[Result "1/2-1/2"]
[EventDate "2022.10.11"]
[WhiteElo "2712"]
[BlackElo "2651"]
[PlyCount "76"]

1. e4 e5 2. Nf3 Nc6 3. Bb5 Nf6 4. d3 Bc5 5. a4 O-O 6. O-O d5 7. exd5 Qxd5 8. Nc3 Qd6 9. Bxc6 bxc6 10. Bg5 Bg4 11. h3 Bxf3 12. Qxf3 Bd4 13. Bxf6 Qxf6 14. Qxf6 gxf6 15. Nd1 Rfd8 16. Rb1 Rab8 17. b3 f5 18. Ne3 f4 19. Nf5 Rd7 20. Rbe1 f6 21. g3 fxg3 22. Nxg3 Kf7 23. Kh2 Rg8 24. f4 exf4 25. Rxf4 Bc5 26. Ref1 Bd6 27. Rxf6+ Ke8 28. Re6+ Kd8 29. Rf3 Rdg7 30. Ree3 h5 31. h4 Rg4 32. Kh3 Bf4 33. Nxh5 Rg1 34. Ng3 Bxe3 35. Rxe3 Rc1 36. Re2 Rg1 37. Re3 Rc1 38. Re2 1/2-1/2

[Event "Qatar Masters Open 2023"]
[Site "Doha QAT"]
[Date "2023.10.13"]
[Round "3.4"]
[White "Vugar Rasulov"]
[Black "Arjun Erigaisi"]
[Result "0-1"]
[EventDate "2023.10.11"]
[WhiteElo "2560"]
[BlackElo "2712"]
[PlyCount "80"]

1. e4 c5 2. Nf3 e6 3. d4 cxd4 4. Nxd4 Nc6 5. Nc3 Qc7 6. Be3 a6 7. Be2 Nf6 8. O-O Be7 9. f4 d6 10. Qe1 Bd7 11. Qg3 O-O 12. Rae1 b5 13. a3 Rab8 14. Bd3 b4 15. axb4 Rxb4 16. Nb3 a5 17. Ra1 Rfb8 18. Qf3 g6 19. Kh1 Bf8 20. Bg1 Bg7 21. Ra3 Bf8 22. Raa1 Bg7 23. Ra3 e5 24. Be3 a4 25. Nd2 exf4 26. Bxf4 Nd4 27. Qf2 Ne6 28. Bh6 Bxh6 29. Qxf6 Bc6 30. Nc4 Bg7 31. Qf2 Nc5 32. Qf4 Rd8 33. h3 Qe7 34. Na5 Ba8 35. Bc4 Ne6 36. Qd2 Rxb2 37. Nxa4 d5 38. Rd3 dxc4 39. Rxd8+ Nxd8 40. Nxb2 c3 0-1

[Event "Qatar Masters Open 2023"]
[Site "Doha QAT"]
[Date "2023.10.12"]
[Round "2.5"]
[White "Arjun Erigaisi"]
[Black "Abdimalik Abdisalimov"]
[Result "1-0"]
[EventDate "2023.10.11"]
[WhiteElo "2712"]
[BlackElo "2487"]
[PlyCount "66"]

1. c4 Nf6 2. Nc3 e6 3. Nf3 d5 4. e3 c5 5. cxd5 exd5 6. d4 a6 7. Be2 Nc6 8. O-O Bd6 9. b3 Bg4 10. dxc5 Bxc5 11. h3 Bh5 12. Na4 Bd6 13. Bb2 Bxf3 14. Bxf3 Be5 15. Qd2 Qd6 16. Rfd1 Rd8 17. Rac1 O-O 18. Nc5 Qe7 19. Nxa6 Ne4 20. Qe2 Bd6 21. b4 Nxb4 22. Nxb4 Bxb4 23. Qd3 Ra8 24. Rc2 Rfd8 25. Qb3 Ba3 26. Rxd5 Bxb2 27. Rxb2 Nc5 28. Qb4 Rxd5 29. Bxd5 Rd8 30. Qc4 Qf6 31. Rb1 b6 32. a4 Rc8 33. a5 1-0

[Event "Qatar Masters Open 2023"]
[Site "Doha QAT"]
[Date "2023.10.11"]
[Round "1.6"]
[White "MR Venkatesh"]
[Black "Arjun Erigaisi"]
[Result "0-1"]
[EventDate "2022.10.11"]
[WhiteElo "2428"]
[BlackElo "2712"]
[PlyCount "70"]

1. Nf3 d5 2. c4 d4 3. b4 g5 4. h3 g4 5. hxg4 Bxg4 6. Qb3 Bg7 7. Bb2 e5 8. d3 Nd7 9. Nbd2 a5 10. a3 Ngf6 11. g3 axb4 12. axb4 Rxa1+ 13. Bxa1 c5 14. Bg2 b6 15. O-O O-O 16. Bb2 Bh6 17. Bc1 Ne8 18. bxc5 bxc5 19. Qb7 Qc7 20. Qa6 Kg7 21. Ne4 Bxc1 22. Rxc1 Ndf6 23. Rb1 Nxe4 24. dxe4 Nd6 25. Nxe5 Bxe2 26. Qa2 Bh5 27. Nd3 Bg6 28. Re1 Re8 29. Nf4 Nxe4 30. Qa4 Re5 31. Bxe4 Bxe4 32. Qd1 Bf3 33. Qd2 Qe7 34. Rxe5 Qxe5 35. Nd3 Qh5 0-1

[Event "19th Asian Games Men's Team Championship"]
[Site "Hangzhou CHN"]
[Date "2023.10.07"]
[Round "09"]
[White "Arjun Erigaisi"]
[Black "Darwin Laylo"]
[Result "1-0"]
[EventDate "2023.09.29"]
[WhiteElo "2712"]
[BlackElo "2433"]
[PlyCount "72"]

1. e4 e5 2. Nf3 Nf6 3. Nxe5 d6 4. Nf3 Nxe4 5. d4 d5 6. Bd3 Nc6 7. O-O Bg4 8. c4 Be7 9. Nc3 Nf6 10. cxd5 Nxd5 11. h3 Bh5 12. Be4 Nxc3 13. bxc3 O-O 14. Rb1 Rb8 15. Re1 Bg6 16. Bxg6 hxg6 17. Qa4 a6 18. c4 Bf6 19. d5 Ne7 20. Ba3 Re8 21. Rb3 b5 22. Qxa6 Rb6 23. Qa5 bxc4 24. Rxb6 cxb6 25. Qb5 Qa8 26. Bxe7 Rxe7 27. Rxe7 Bxe7 28. Qxc4 Qa3 29. Ne5 Qd6 30. Qc8+ Bf8 31. Nd7 b5 32. g3 g5 33. Qxf8+ Qxf8 34. Nxf8 Kxf8 35. Kg2 Ke7 36. Kf3 1-0

[Event "19th Asian Games Men's Team Championship"]
[Site "Hangzhou CHN"]
[Date "2023.10.06"]
[Round "08"]
[White "Gu In-Jung"]
[Black "Arjun Erigaisi"]
[Result "0-1"]
[EventDate "2023.09.29"]
[WhiteElo "1902"]
[BlackElo "2712"]
[PlyCount "86"]

1. Nf3 Nf6 2. g3 b5 3. d3 Bb7 4. e4 d6 5. Bg2 c5 6. Nbd2 e6 7. c3 Be7 8. Qe2 O-O 9. O-O Nc6 10. b3 a5 11. a3 d5 12. e5 Nd7 13. Re1 Ba6 14. Nf1 c4 15. bxc4 dxc4 16. dxc4 bxc4 17. h4 h6 18. Qe4 Qc7 19. N1h2 Rfd8 20. Bf1 Rac8 21. Rb1 a4 22. Bg2 Nc5 23. Qg4 Kf8 24. Qh5 Nd3 25. Bxh6 gxh6 26. Ng4 Nxe1 27. Rxe1 Rd3 28. Qxh6+ Ke8 29. Qg7 Qa5 30. Nf6+ Kd8 31. Qxf7 Kc7 32. Ng5 Rxc3 33. Qxe6 Kb8 34. Nd7+ Ka7 35. Bxc6 Rxg3+ 36. Kh2 Qxe1 37. Kxg3 Bd8 38. Nc5 Qa5 39. Nge4 Qb6 40. Qd7+ Rc7 41. Qd4 Rxc6 42. e6 Be7 43. Qg7 Qc7+ 0-1

[Event "19th Asian Games Men's Team Championship"]
[Site "Hangzhou CHN"]
[Date "2023.10.05"]
[Round "07"]
[White "Tuan Minh Tran"]
[Black "Erigaisi Arjun"]
[Result "0-1"]
[EventDate "2023.09.29"]
[WhiteElo "2479"]
[BlackElo "2712"]
[PlyCount "60"]

1. c4 e5 2. Nc3 d6 3. g3 f5 4. Bg2 Be7 5. Nd5 Nf6 6. Nxe7 Qxe7 7. d4 O-O 8. Nf3 c5 9. d5 h6 10. O-O Qe8 11. b4 b6 12. bxc5 bxc5 13. Bd2 f4 14. gxf4 e4 15. Ne1 Nbd7 16. Nc2 Nb6 17. Na3 Qh5 18. Rc1 Bg4 19. Re1 e3 20. Bxe3 Bh3 21. Bf3 Ng4 22. Qd3 Qh4 23. Nb5 Rae8 24. Qg6 Rxe3 25. Bxg4 Rxf4 26. Bf3 Re5 27. Kh1 Rg5 28. Qe8+ Kh7 29. Rg1 Bd7 30. Qe3 Qxh2+ 0-1

[Event "19th Asian Games Men's Team Championship"]
[Site "Hangzhou CHN"]
[Date "2023.10.02"]
[Round "04"]
[White "Ruslan Sezdbekov"]
[Black "Arjun Erigaisi"]
[Result "1/2-1/2"]
[EventDate "2023.09.29"]
[WhiteElo "2261"]
[BlackElo "2712"]
[PlyCount "88"]

1. e4 e6 2. d4 d5 3. e5 c5 4. c3 Nc6 5. Nf3 Qb6 6. a3 Nh6 7. b4 cxd4 8. cxd4 Nf5 9. Be3 f6 10. b5 Nxe3 11. fxe3 Nxe5 12. dxe5 Qxe3+ 13. Qe2 Qc1+ 14. Qd1 Qb2 15. Nbd2 fxe5 16. Rb1 Qxa3 17. Nxe5 g6 18. Qf3 Qxf3 19. Ndxf3 Bd6 20. Bd3 Bd7 21. O-O Rc8 22. Rfe1 Ke7 23. Rbd1 Rcf8 24. Nxd7 Kxd7 25. b6 a6 26. Bc2 Rf4 27. Ng5 Rc8 28. Nxe6 Rxc2 29. Nxf4 Bxf4 30. Rxd5+ Bd6 31. Red1 Rc6 32. Rb1 Ke6 33. Rd3 a5 34. Re1+ Kf6 35. Rf1+ Ke7 36. Re1+ Kf8 37. Rf1+ Kg8 38. Ra1 Bc5+ 39. Kf1 Bxb6 40. Rb3 Rf6+ 41. Ke2 Re6+ 42. Kf1 Rf6+ 43. Ke2 Re6+ 44. Kf1 Rf6+ 1/2-1/2

[Event "19th Asian Games Men's Team Championship"]
[Site "Hangzhou CHN"]
[Date "2023.10.01"]
[Round "03"]
[White "Arjun Erigaisi"]
[Black "Ramazan Zhalmakhanov"]
[Result "1/2-1/2"]
[EventDate "2023.09.29"]
[WhiteElo "2712"]
[BlackElo "2447"]
[PlyCount "58"]

1. d4 Nf6 2. Bg5 Ne4 3. Bf4 d5 4. e3 c5 5. Bd3 g6 6. Be5 f6 7. Bxb8 Rxb8 8. Nf3 Bg7 9. O-O cxd4 10. exd4 O-O 11. c4 Bg4 12. cxd5 f5 13. Be2 Qb6 14. Qb3 Qxb3 15. axb3 Bxf3 16. gxf3 Ng5 17. Rd1 Nh3+ 18. Kf1 a6 19. b4 Nf4 20. Nc3 Rfd8 21. Ra5 Kf8 22. Bc4 b5 23. Bb3 Rb6 24. Raa1 Bf6 25. Ke1 Ng2+ 26. Ke2 Nf4+ 27. Ke1 Ng2+ 28. Kf1 Nf4 29. Ke1 Ng2+ 1/2-1/2

[Event "19th Asian Games Men's Team Championship"]
[Site "Hangzhou CHN"]
[Date "2023.09.30"]
[Round "02"]
[White "Arjun Erigaisi"]
[Black "Shamsiddin Vokhidov"]
[Result "1/2-1/2"]
[EventDate "2023.09.29"]
[WhiteElo "2712"]
[BlackElo "2578"]
[PlyCount "84"]

1. e4 e5 2. Nf3 Nc6 3. Bb5 Nf6 4. d3 Bc5 5. c3 O-O 6. O-O d5 7. exd5 Qxd5 8. Bc4 Qd8 9. b4 Bd6 10. Nbd2 Ne7 11. Re1 Ng6 12. Ng5 h6 13. Nge4 Nxe4 14. Nxe4 Be7 15. Qb3 a5 16. a4 axb4 17. cxb4 c6 18. Bb2 Bf5 19. Bc3 Qd7 20. a5 Rad8 21. Rad1 Nf4 22. f3 Nd5 23. Bxe5 Bxb4 24. Re2 Bxa5 25. Qb2 Bb6+ 26. Kh1 Ne3 27. Bxg7 Bxe4 28. Rxe3 Bxe3 29. Bxf8 Bd4 30. Qd2 Bxf3 31. gxf3 Kxf8 32. Qxh6+ Bg7 33. Qf4 Qe7 34. Bb3 b5 35. Qc1 Rd6 36. Re1 Qd8 37. Qf4 Rf6 38. Qb4+ Qd6 39. Qg4 Qd8 40. Qb4+ Qd6 41. Qg4 Qd8 42. Qb4+ 1/2-1/2

[Event "19th Asian Games Men's Team Championship"]
[Site "Hangzhou CHN"]
[Date "2023.09.29"]
[Round "01"]
[White "Ganzorig Amartuvshin"]
[Black "Arjun Erigaisi"]
[Result "0-1"]
[EventDate "2023.09.29"]
[WhiteElo "2412"]
[BlackElo "2712"]
[PlyCount "86"]

1. d4 Nf6 2. c4 g6 3. Nc3 d5 4. cxd5 Nxd5 5. e4 Nxc3 6. bxc3 Bg7 7. Be3 c5 8. Rc1 O-O 9. Nf3 Bg4 10. Be2 Qa5 11. O-O Qxa2 12. Ra1 Qe6 13. Qd3 Qd7 14. Rfb1 Bxf3 15. gxf3 cxd4 16. cxd4 Nc6 17. Ra4 a6 18. Rb6 e6 19. d5 exd5 20. Qxd5 Qh3 21. f4 Rad8 22. Qb3 Bd4 23. Rxb7 Rb8 24. Rxb8 Rxb8 25. Qxb8+ Nxb8 26. Rxd4 Qc8 27. Rd6 Nc6 28. f5 a5 29. Bb5 Qb8 30. Rxc6 Qxb5 31. Rb6 Qd3 32. f6 h6 33. Rb8+ Kh7 34. Rb7 Qc4 35. h4 g5 36. h5 a4 37. Ra7 a3 38. Kh2 a2 39. Kg3 Qxe4 40. Rxf7+ Kg8 41. Rg7+ Kh8 42. Re7 Qh4+ 43. Kf3 Qxh5+ 0-1

[Event "Asian Games Men"]
[Site "Hangzhou CHN"]
[Date "2023.09.27"]
[Round "8"]
[White "Nodirbek Abdusattorov"]
[Black "Arjun Erigaisi"]
[Result "1-0"]
[EventDate "2023.09.24"]
[WhiteElo "2716"]
[BlackElo "2712"]
[PlyCount "130"]

1. d4 d5 2. Nf3 Nf6 3. c4 e6 4. Nc3 Nbd7 5. Qc2 Bb4 6. g3 dxc4 7. Bg2 c6 8. O-O O-O 9. a4 a5 10. Rd1 Qe7 11. e4 e5 12. h3 Re8 13. d5 Nc5 14. Nd2 cxd5 15. exd5 g6 16. d6 Qe6 17. Nb5 Qf5 18. Qxf5 Bxf5 19. Nxc4 Nb3 20. Bg5 Nd7 21. Nc7 Nxa1 22. Rxa1 Be6 23. Bxb7 Ra7 24. Nxe8 Rxb7 25. Rc1 f5 26. Be7 Kf7 27. Nc7 Bxc4 28. Rxc4 Bc5 29. Nb5 Ke6 30. Kg2 Bb6 31. Nc7+ Kf7 32. g4 e4 33. Bg5 Bc5 34. Nb5 Ke6 35. Bf4 Rb6 36. gxf5+ gxf5 37. f3 Kd5 38. b3 Rb8 39. fxe4+ fxe4 40. Nc3+ Kc6 41. Nxe4 Kd5 42. Nc3+ Kc6 43. Be3 Rb4 44. Rxb4 axb4 45. Nd1 Bxe3 46. Nxe3 Nc5 47. a5 Kxd6 48. Nc2 Nxb3 49. a6 Kc7 50. Nxb4 Kb6 51. Kg3 Nc5 52. Kg4 Ne6 53. Kh5 Nf4+ 54. Kg4 Ne6 55. h4 Nc7 56. Kg5 Kb5 57. Kh6 Kxb4 58. a7 Kc5 59. Kxh7 Kb6 60. Kg6 Kxa7 61. Kf7 Nb5 62. h5 Nd6+ 63. Kg6 Nc8 64. h6 Ne7+ 65. Kf7 1-0

[Event "Asian Games Men 2023"]
[Site "Hangzhou CHN"]
[Date "2023.09.27"]
[Round "9.5"]
[White "Erigaisi Arjun"]
[Black "Enamul Hossain"]
[Result "1-0"]
[EventDate "2023.09.24"]
[WhiteElo "2712"]
[BlackElo "2369"]
[PlyCount "50"]

1. d4 g6 2. e4 Bg7 3. Nc3 d6 4. f4 Nf6 5. Nf3 O-O 6. h3 c5 7. dxc5 Qa5 8. Bd3 Qxc5 9. Qe2 Nh5 10. Be3 Qb4 11. Kf2 Nc6 12. a3 Qa5 13. g4 Nf6 14. Kg3 e5 15. f5 d5 16. Bg5 dxe4 17. Nxe4 Nxe4+ 18. Qxe4 gxf5 19. gxf5 f6 20. Bd2 Qd8 21. Rhg1 Nd4 22. Nxd4 Qxd4 23. Qxd4 exd4 24. Rae1 b5 25. Kf2 1-0

[Event "Asian Games Men 2023"]
[Site "Hangzhou CHN"]
[Date "2023.09.26"]
[Round "5.3"]
[White "Erigaisi Arjun"]
[Black "Javokhir Sindarov"]
[Result "1/2-1/2"]
[EventDate "2023.09.24"]
[WhiteElo "2712"]
[BlackElo "2658"]
[PlyCount "76"]

1. e4 c5 2. Nf3 Nc6 3. d4 cxd4 4. Nxd4 g6 5. c4 Nf6 6. Nc3 d6 7. Be2 Nxd4 8. Qxd4 Bg7 9. Be3 O-O 10. Qd3 a6 11. O-O Bd7 12. Bd4 b5 13. cxb5 axb5 14. Nxb5 Bxb5 15. Qxb5 Nxe4 16. Bxg7 Kxg7 17. a4 d5 18. a5 Qd6 19. Rfd1 e6 20. Qa4 Qc5 21. Qd4+ Qxd4 22. Rxd4 Rfb8 23. Ra2 Kf6 24. Kf1 Ke5 25. Rda4 Nc5 26. R4a3 Kd6 27. Ke1 Ra7 28. a6 e5 29. Ra5 f5 30. Kd1 Rb4 31. Kc2 Rc7 32. a7 Nb3+ 33. Kd3 Rd4+ 34. Ke3 Re4+ 35. Kd3 Nc1+ 36. Kd2 Nb3+ 37. Kd3 Nc1+ 38. Kd2 Nb3+ 1/2-1/2

[Event "Asian Games Men 2023"]
[Site "Hangzhou CHN"]
[Date "2023.09.26"]
[Round "6.3"]
[White "Sumiya Bilguun"]
[Black "Erigaisi Arjun"]
[Result "1-0"]
[EventDate "2023.09.24"]
[WhiteElo "2456"]
[BlackElo "2712"]
[PlyCount "138"]

1. e4 e6 2. d4 d5 3. Nd2 Nf6 4. e5 Nfd7 5. c3 c5 6. f4 Nc6 7. Ndf3 a5 8. Bd3 a4 9. a3 Qa5 10. Kf2 Nb6 11. Ne2 Nc4 12. Rf1 Qb6 13. Rb1 Bd7 14. Kg1 N6a5 15. Kh1 g6 16. dxc5 Bxc5 17. Ned4 O-O 18. Qe1 f6 19. exf6 Rxf6 20. Qh4 Rf7 21. Re1 Raf8 22. Ng5 Be7 23. Qh6 Bxg5 24. Qxg5 Qd6 25. h4 Qe7 26. Qg3 Rg7 27. Nf3 Qf6 28. Ne5 Bb5 29. Ng4 Qe7 30. Qh3 Kh8 31. Nh6 Bd7 32. Qh2 Qd6 33. Ng4 Bb5 34. Ne5 Qe7 35. Qh3 Nd6 36. Bxb5 Nxb5 37. Nf3 Nc7 38. Nd4 Re8 39. f5 e5 40. Bf4 Nc4 41. Nf3 Qf6 42. Bh6 Rgg8 43. Bg5 Qf7 44. fxg6 Rxg6 45. Qh2 Qg7 46. Be3 Rg4 47. Bf2 h6 48. Re2 Kh7 49. Rbe1 e4 50. Bd4 Qd7 51. Ng5+ Kg8 52. Rf1 Ne6 53. Nxe6 Qxe6 54. Rf6 Qe7 55. Rxh6 Ne5 56. Qh3 Qg7 57. Rh5 Rg3 58. Qf5 Rf8 59. Qxe5 Rf1+ 60. Kh2 Rh3+ 61. Kxh3 Rh1+ 62. Qh2 Qd7+ 63. g4 Rxh2+ 64. Kxh2 Qd6+ 65. Kg2 Kf7 66. Rf2+ Ke8 67. Rh8+ Kd7 68. Rf7+ Kc6 69. Rf6 1-0

[Event "Asian Games Men 2023"]
[Site "Hangzhou CHN"]
[Date "2023.09.26"]
[Round "7.5"]
[White "Erigaisi Arjun"]
[Black "Novendra Priasmoro"]
[Result "1-0"]
[EventDate "2023.09.24"]
[WhiteElo "2712"]
[BlackElo "2483"]
[PlyCount "76"]

1. d4 d5 2. Nf3 Nf6 3. Bf4 e6 4. e3 c5 5. Nbd2 Qb6 6. c4 cxd4 7. exd4 Nc6 8. c5 Qd8 9. a3 Be7 10. b4 a6 11. Bd3 O-O 12. h3 Nd7 13. O-O Bf6 14. Nb3 e5 15. dxe5 Ndxe5 16. Nxe5 Nxe5 17. Bxe5 Bxe5 18. Bxh7+ Kxh7 19. Qh5+ Kg8 20. Qxe5 Re8 21. Qc3 Bf5 22. Rfe1 Qg5 23. Re3 Be4 24. Rg3 Qh6 25. Re1 f5 26. f4 Re6 27. Ree3 Rae8 28. Nd4 Rf6 29. Rg5 Kf7 30. Reg3 g6 31. c6 Qh4 32. cxb7 Qxf4 33. Nc6 Bxg2 34. Ne5+ Rxe5 35. Qc7+ Ke6 36. Qc6+ Ke7 37. Qxf6+ Kd7 38. b8=N+ 1-0

[Event "Asian Games Men 2023"]
[Site "Hangzhou CHN"]
[Date "2023.09.25"]
[Round "3.4"]
[White "Erigaisi Arjun"]
[Black "Ngoc Truong Son Nguyen"]
[Result "1-0"]
[EventDate "2023.09.24"]
[WhiteElo "2712"]
[BlackElo "2635"]
[PlyCount "72"]

1. d4 d5 2. Nf3 Nf6 3. Bf4 e6 4. e3 Bd6 5. Ne5 Nfd7 6. Nd2 Nc6 7. Bb5 Ncxe5 8. dxe5 c6 9. exd6 cxb5 10. Qe2 e5 11. Bg3 Qb6 12. e4 d4 13. f4 Qxd6 14. fxe5 Qb6 15. a4 Nc5 16. Qxb5+ Bd7 17. Qxb6 axb6 18. b3 Bc6 19. Bf2 Nxe4 20. Bxd4 Rd8 21. Nf3 Nc5 22. O-O-O O-O 23. Kb2 Rc8 24. Rhe1 Rfe8 25. Bf2 h6 26. Rd6 Nd7 27. e6 Rxe6 28. Rexe6 fxe6 29. Nd4 Nb8 30. Nxc6 Nxc6 31. Rxe6 Nb4 32. Re2 Rc6 33. Rd2 Na6 34. Rd8+ Kh7 35. Rd7 Nc7 36. Bxb6 1-0

[Event "Asian Games Men 2023"]
[Site "Hangzhou CHN"]
[Date "2023.09.25"]
[Round "4.3"]
[White "M Amin Tabatabaei"]
[Black "Erigaisi Arjun"]
[Result "1/2-1/2"]
[EventDate "2023.09.24"]
[WhiteElo "2685"]
[BlackElo "2712"]
[PlyCount "94"]

1. c4 e5 2. g3 d6 3. Nc3 f5 4. Bg2 Nf6 5. Nf3 Be7 6. O-O O-O 7. d3 h6 8. b4 a6 9. Rb1 Qe8 10. a4 Be6 11. b5 axb5 12. axb5 Nbd7 13. Nd2 Qc8 14. Nd5 Bd8 15. Bb2 Nc5 16. f4 c6 17. bxc6 bxc6 18. Nb4 Ng4 19. Nc2 Na4 20. Ba1 exf4 21. gxf4 Bb6+ 22. Rxb6 Nxb6 23. h3 Nf6 24. Nd4 Bd7 25. Kh2 Kh7 26. e4 Ra2 27. e5 dxe5 28. fxe5 Qc7 29. Nxf5 Rfa8 30. Bd4 c5 31. Ng3 cxd4 32. exf6 Bc6 33. Bxc6 Qxc6 34. Ne4 Nxc4 35. Ng5+ Kg6 36. Nf3 Nxd2 37. Nxd2 gxf6 38. Qg4+ Kh7 39. Qf5+ Kh8 40. Qf4 Kh7 41. Qf5+ Kh8 42. Qf4 Kh7 43. Qf5+ Kg7 44. Qg4+ Kf8 45. Qf4 Rxd2+ 46. Qxd2 Qd6+ 47. Qf4 1/2-1/2

[Event "Asian Games Men 2023"]
[Site "Hangzhou CHN"]
[Date "2023.09.24"]
[Round "1.4"]
[White "Erigaisi Arjun"]
[Black "Paulo Bersamina"]
[Result "1-0"]
[EventDate "2023.09.24"]
[WhiteElo "2712"]
[BlackElo "2434"]
[PlyCount "94"]

1. c4 c5 2. Nc3 Nc6 3. g3 g6 4. Bg2 Bg7 5. d3 e6 6. Be3 d6 7. Qd2 Nge7 8. Bh6 Bxh6 9. Qxh6 Nf5 10. Qd2 h5 11. e3 h4 12. g4 Nfe7 13. h3 e5 14. f4 f5 15. fxe5 fxg4 16. exd6 Qxd6 17. Ne4 Qe5 18. O-O-O gxh3 19. Nf3 Qc7 20. Bxh3 Bxh3 21. Rxh3 O-O-O 22. Nxc5 Ne5 23. Nxe5 Qxe5 24. d4 Qxc5 25. dxc5 Rxd2 26. Kxd2 g5 27. Rg1 Rh5 28. Ke2 Nc6 29. Rf3 h3 30. Rf5 Ne7 31. Re5 h2 32. Rh1 Kd7 33. Kf2 Ng6 34. Rd5+ Ke6 35. Kg3 Ne7 36. e4 Rh4 37. Rxh2 Rxe4 38. Rh6+ Kf7 39. Rxg5 Rxc4 40. Kf3 Rc2 41. Rh7+ Kf6 42. Rgg7 Nc6 43. Rxb7 Rxc5 44. Ke4 Re5+ 45. Kd3 Rc5 46. Rh6+ Kg5 47. Rxc6 1-0

[Event "Asian Games Men 2023"]
[Site "Hangzhou CHN"]
[Date "2023.09.24"]
[Round "2.3"]
[White "Tuan Minh Le"]
[Black "Erigaisi Arjun"]
[Result "1/2-1/2"]
[EventDate "2023.09.24"]
[WhiteElo "2559"]
[BlackElo "2712"]
[PlyCount "92"]

1. d4 d5 2. c4 e6 3. Nf3 Nf6 4. Nc3 Nbd7 5. Bf4 Bb4 6. cxd5 exd5 7. e3 Ne4 8. Qb3 c5 9. dxc5 Bxc3+ 10. bxc3 Ndxc5 11. Qa3 O-O 12. Be2 Bg4 13. Rd1 Re8 14. O-O Ne6 15. Bg3 Qc8 16. Rc1 Bxf3 17. gxf3 Nf6 18. Rfd1 Qc6 19. Qd6 Qa4 20. Qb4 Qxa2 21. Bd3 a5 22. Qb6 Qa3 23. Bd6 Nd7 24. Bxh7+ Kh8 25. Bxa3 Nxb6 26. Bd3 Rec8 27. h4 Nc5 28. Bb5 Nb3 29. Rc2 Nc4 30. Bxc4 dxc4 31. Rd7 b5 32. Rxf7 Rd8 33. e4 Kg8 34. Rc7 Rac8 35. Ra7 b4 36. Bb2 Rd1+ 37. Kg2 Na1 38. Bxa1 b3 39. Re2 Rxa1 40. Rd2 Kh8 41. Rb7 a4 42. Rd5 a3 43. Rh5+ Kg8 44. Rg5 Kh8 45. Rh5+ Kg8 46. Rg5 Kh8 1/2-1/2

[Event "Tata Steel India Blitz"]
[Site "Kolkata IND"]
[Date "2023.09.09"]
[Round "18"]
[White "Arjun Erigaisi"]
[Black "Rameshbabu Praggnanandhaa"]
[Result "1/2-1/2"]
[EventDate "2023.09.05"]
[WhiteElo "2712"]
[BlackElo "2727"]
[PlyCount "98"]

1. d4 Nf6 2. Bf4 b6 3. e3 Bb7 4. Nf3 g6 5. h3 Bg7 6. Nbd2 O-O 7. Be2 d6 8. O-O Nbd7 9. a4 a6 10. Bh2 c5 11. c3 Rc8 12. Re1 Re8 13. b4 Nd5 14. Qb3 cxd4 15. cxd4 Rc3 16. Qa2 N5f6 17. Bc4 d5 18. Be2 Qa8 19. Rec1 Rec8 20. Qb2 Rxc1+ 21. Rxc1 Rxc1+ 22. Qxc1 Qc8 23. Qxc8+ Bxc8 24. Kf1 e6 25. b5 a5 26. Bc7 Ne8 27. Bd8 f6 28. e4 Bb7 29. exd5 exd5 30. Ne1 Kf7 31. Nc2 Bf8 32. Bf3 Be7 33. Bxe7 Kxe7 34. Ke2 Ke6 35. h4 Nd6 36. g3 Nf8 37. Ne1 h6 38. Bg4+ Ke7 39. Nb1 f5 40. Bf3 Ne6 41. Nc2 Nc4 42. Nc3 Kd6 43. Bg2 Nb2 44. Bh3 h5 45. Bg2 Nc4 46. Kd3 Nb2+ 47. Kd2 Nc4+ 48. Kd3 Nb2+ 49. Kd2 Nc4+ 1/2-1/2

[Event "Tata Steel India Blitz"]
[Site "Kolkata IND"]
[Date "2023.09.09"]
[Round "15"]
[White "Arjun Erigaisi"]
[Black "Dommaraju Gukesh"]
[Result "1-0"]
[EventDate "2023.09.05"]
[WhiteElo "2712"]
[BlackElo "2758"]
[PlyCount "164"]

1. e4 c5 2. Nf3 e6 3. d4 cxd4 4. Nxd4 Nc6 5. Nc3 Qc7 6. Be3 Nf6 7. f3 a6 8. Qd2 b5 9. g4 h6 10. O-O-O Ne5 11. h4 b4 12. Nb1 d5 13. g5 hxg5 14. Bxg5 Bb7 15. exd5 Bxd5 16. Rh3 Bxa2 17. Qe1 Ng6 18. f4 Nxf4 19. Rf3 Bd6 20. Nf5 Be5 21. Re3 Rc8 22. Rd2 exf5 23. Rxe5+ Ne6 24. Bxa6 Ra8 25. Bb5+ Kf8 26. Rd3 Bxb1 27. Kxb1 Ne4 28. Qxb4+ Kg8 29. Rxe4 fxe4 30. Qxe4 Rb8 31. Rd5 Nxg5 32. Rxg5 Rh6 33. Qg4 g6 34. Bc4 Qb7 35. Rxg6+ Rxg6 36. Qxg6+ Kf8 37. Qd6+ Kg7 38. b3 Qh1+ 39. Kb2 Ra8 40. Qe5+ Kf8 41. Qc5+ Kg8 42. Qg5+ Kf8 43. Qh6+ Ke7 44. Qe3+ Kf8 45. Qc5+ Kg8 46. Qg5+ Kf8 47. Qh6+ Ke7 48. Ba6 Qe4 49. Qg5+ Kf8 50. Qc5+ Kg8 51. Qg5+ Kf8 52. Qf6 Qh1 53. Qh8+ Ke7 54. Qe5+ Kf8 55. Qd6+ Kg7 56. Qd4+ Kg8 57. Qg4+ Kf8 58. Qb4+ Kg8 59. Qb7 Qxb7 60. Bxb7 Rb8 61. Bf3 f5 62. c4 Kf7 63. Kc3 Kf6 64. b4 Rg8 65. Kd4 Rg3 66. Bd5 f4 67. b5 Ke7 68. b6 Kd8 69. c5 f3 70. Ke3 f2+ 71. Kxf2 Rd3 72. Bf3 Rb3 73. b7 Kc7 74. h5 Rb4 75. Kg3 Rd4 76. c6 Rd8 77. Be4 Rg8+ 78. Kf4 Rf8+ 79. Kg5 Rf1 80. h6 Rg1+ 81. Kh5 Rg3 82. h7 1-0

[Event "Tata Steel India Blitz"]
[Site "Kolkata IND"]
[Date "2023.09.09"]
[Round "10"]
[White "Vincent Keymer"]
[Black "Arjun Erigaisi"]
[Result "1-0"]
[EventDate "2023.09.05"]
[WhiteElo "2717"]
[BlackElo "2712"]
[PlyCount "60"]

1. c4 b6 2. d4 Bb7 3. Nc3 Nf6 4. Bf4 e6 5. e3 Bb4 6. Ne2 Nh5 7. Bg3 Nc6 8. a3 Nxg3 9. hxg3 Bxc3+ 10. Nxc3 Ne7 11. d5 h6 12. Qg4 Kf8 13. O-O-O Qc8 14. e4 d6 15. f4 exd5 16. Qxc8+ Rxc8 17. cxd5 g6 18. Be2 Kg7 19. Kb1 a6 20. Rd2 Rhe8 21. Bf3 g5 22. Rc1 Ng8 23. Re2 Rcd8 24. Na2 Re7 25. Rec2 Rc8 26. Bg4 Rb8 27. Rxc7 Rxe4 28. Be6 Kh8 29. Rxf7 gxf4 30. Rcc7 1-0